000 01645nam0a22003011 4500
001 v19\rc\1391267
005 20260406092332.0
035 _a(NLR Aleph) 005206182
090 _a5360598
_c5360598
100 _a20060512d1871 |||y0rusy50 ca
101 1 _arus
_ceng
102 _aRU
105 _aab z |||||
200 1 _aО возделывании хлопка в Северо-Американских Соединенных Штатах
_fСоч. Иосифа Лаймана
_gПер. с англ. К.А. Тимирязева
210 _aСанкт-Петербург
_cтип. т-ва "Обществ. польза"
_d1871
215 _a[2], VIII, 200 с., 1 л. карт.
_cил.
_d18
327 0 _aС. 189-200: Семя хлопчатника, масло из него и жмыхи / Сост. Д.Р. Сайфером
464 0 _12001#$aСемя хлопчатника, масло из него и жмыхи$fСост. Д.Р. Сайфером
_1215##$aС. 189-200
_1700#1$aСайфер$bД.Р.$4220
_tСемя хлопчатника, масло из него и жмыхи
_aСайфер, Д.Р.
700 1 _7ca
_8rus
_aЛайман
_bД. Б.
_f1829-1912
_gДжозеф Бардвел
_958524
_3RU\NLR\AUTH\7775596
702 1 _4730
_7ca
_8rus
_aТимирязев
_bК. А.
_f1843-1920
_gКлимент Аркадьевич
_945994
_3RU\NLR\AUTH\7763064
790 1 _9z01700
_aЛайман
_bИ.
_f1829-1912
_gИосиф
801 0 _aRU
_bNLR
_c20060512
_gpsbo
801 0 _aRU
_bRuMoRGB
_c20060512
_2psbo
801 1 _aRU
_bProSoft-M
_c20060512
_2rusmarc
801 2 _aRU
_bNLR
_c20090408
_2rusmarc
852 _aNLR
_j18.40.7.58
942 _cBOOK
980 _aNB